Schaum's outline of theory and problems of electronic communication / (Record no. 190568)

000 -LEADER
fixed length control field 00917 a2200253 4500
003 - CONTROL NUMBER IDENTIFIER
control field Nust
005 - DATE AND TIME OF LATEST TRANSACTION
control field 20221122131914.0
010 ## - LIBRARY OF CONGRESS CONTROL NUMBER
LC control number 78011102
020 ## - INTERNATIONAL STANDARD BOOK NUMBER
International Standard Book Number 0070634955
040 ## - CATALOGING SOURCE
Transcribing agency Nust
082 00 - DEWEY DECIMAL CLASSIFICATION NUMBER
Classification number 621.381,TEM
100 1# - MAIN ENTRY--PERSONAL NAME
Personal name Temes, Lloyd.
9 (RLIN) 103352
245 10 - TITLE STATEMENT
Title Schaum's outline of theory and problems of electronic communication /
Statement of responsibility, etc. Lloyd Temes.
260 ## - PUBLICATION, DISTRIBUTION, ETC.
Place of publication, distribution, etc. New York :
Name of publisher, distributor, etc. McGraw-Hill,
Date of publication, distribution, etc. c1979.
300 ## - PHYSICAL DESCRIPTION
Extent 138 p. :
Other physical details ill. ;
Dimensions 28 cm.
490 0# - SERIES STATEMENT
Series statement Schaum outline series
500 ## - GENERAL NOTE
General note
505 ## - FORMATTED CONTENTS NOTE
Formatted contents note Amplitude Modulation (Page-1), Frequency Modulation (Page-28), Television (Page-53), Tuned Circuits (Page-59), RF Amplifier s and Oscillators (Page-84), Transmission Lines (Page-97), Antennas (Page-118).
650 #0 - SUBJECT ADDED ENTRY--TOPICAL TERM
Topical term or geographic name entry element Electronics.
650 #0 - SUBJECT ADDED ENTRY--TOPICAL TERM
Topical term or geographic name entry element Telecommunication Engineering
740 ## - ADDED ENTRY--UNCONTROLLED RELATED/ANALYTICAL TITLE
Uncontrolled related/analytical title Electronic communication.
740 ## - ADDED ENTRY--UNCONTROLLED RELATED/ANALYTICAL TITLE
Uncontrolled related/analytical title Theory and problems of electronic communication.
942 ## - ADDED ENTRY ELEMENTS (KOHA)
Source of classification or shelving scheme
Koha item type Book
Holdings
Withdrawn status Lost status Source of classification or shelving scheme Damaged status Not for loan Permanent Location Current Location Shelving location Date acquired Full call number Barcode Date last seen Price effective from Koha item type Public note
          Military College of Signals (MCS) Military College of Signals (MCS) General Stacks 12/12/2016 621.381,TEM MCS23098 12/08/2016 12/12/2016 Book Almirah No.31, Shelf No.6
          Military College of Signals (MCS) Military College of Signals (MCS) General Stacks 12/12/2016 621.381,TEM MCS27451 12/08/2016 12/12/2016 Book Almirah No.31, Shelf No.6
© 2023 Central Library, National University of Sciences and Technology. All Rights Reserved.